Teach yourself Hindi / (Record no. 87491)

MARC details
000 -LEADER
fixed length control field 00502nam a22001817a 4500
005 - DATE AND TIME OF LATEST TRANSACTION
control field 20140821124908.0
010 ## - LCCN (DPL NO)
LC control number ENG-110582
020 ## - INTERNATIONAL STANDARD BOOK NUMBER
Terms of availability 195.00
International Standard Book Number 9788121601924
035 ## - SYSTEM CONTROL NUMBER
System control number EN-94114
037 ## - SOURCE OF ACQUISITION
Source of stock number/acquisition DBAD/PUB
082 ## - DEWEY DECIMAL CLASSIFICATION NUMBER
Classification number 425
100 ## - MAIN ENTRY--PERSONAL NAME
Personal name Rao, Mohini
245 ## - TITLE STATEMENT
Title Teach yourself Hindi /
Statement of responsibility, etc by Mohini Rao
260 ## - PUBLICATION, DISTRIBUTION, ETC. (IMPRINT)
Place of publication, distribution, etc New Delhi
Name of publisher, distributor, etc Hindi Pocket Books
Date of publication, distribution, etc 2012(repr.)
270 ## - ADDRESS
City New Delhi
Postal code 110003
Address J-40, Jorbagh Lane
300 ## - PHYSICAL DESCRIPTION
Extent 170p.
Dimensions 22cm(pbk)
942 ## - ADDED ENTRY ELEMENTS (KOHA)
Source of classification or shelving scheme Dewey Decimal Classification
Item type English Books
Call number suffix RAO
Classification part 425
Holdings
Withdrawn status Lost status Not for loan Collection code Home library Current library Date acquired Source of acquisition Cost, normal purchase price Full call number Barcode Copy number Cost, replacement price Koha item type
    Not For Loan Non-fiction D.B.Act.Division D.B.Act.Division 30/07/2014 DBAD/PUB 195.00 425 RAO EN-94114 1 195.00 English Books

© Delhi Public Library
Hit Counter
free hit counter